Utilización de residuos de madera en Costa Rica
সংরক্ষণ করুন:
| প্রধান লেখক: | |
|---|---|
| অন্যান্য লেখক: | , |
| বিন্যাস: | গ্রন্থ |
| প্রকাশিত: |
[San José , Costa Rica]
1982
|
| ট্যাগগুলো: |
ট্যাগ যুক্ত করুন
কোনো ট্যাগ নেই, প্রথমজন হিসাবে ট্যাগ করুন!
|
MARC
| LEADER | 00000nam a2200000Ia 4500 | ||
|---|---|---|---|
| 003 | 002362 | ||
| 005 | 20221231144412.0 | ||
| 008 | 140114s1982 c a m 000 ||s d | ||
| 040 | |c cru CEDI | ||
| 090 | |a TFG 1461 | ||
| 100 | |a Gutiérrez Y, María Gabriela |9 14983 | ||
| 245 | |a Utilización de residuos de madera en Costa Rica | ||
| 260 | |c 1982 |a [San José , Costa Rica] | ||
| 300 | |a 126[64]hojas :ilustraciones | ||
| 500 | |a Proyecto de graduación. Universidad de Costa Rica. Facultad de Ingeniería. Escuela de Ingeniería Industrial | ||
| 700 | |9 14984 |a Koberg H, Ronald | ||
| 700 | |9 14985 |a Rodríguez R, German | ||
| 942 | |c TFG | ||
| 999 | |c 21349 |d 21349 | ||
